But enough about me
| Main Author: | |
|---|---|
| Format: | Book |
| Published: |
London :
Headline Book Publishing ,
2006
|
| Subjects: |
MARC
| LEADER | 00000cam a2200000 7i4500 | ||
|---|---|---|---|
| 001 | 0000025829 | ||
| 005 | 20090430.0 | ||
| 008 | 090327 | ||
| 020 | |a 0755315715 | ||
| 090 | 0 | 0 | |a 071.3092 |b DUN |
| 100 | 1 | |a Dunn, Jancee | |
| 245 | 1 | 0 | |a But enough about me |c Jancee Dunn |
| 260 | |a London : |b Headline Book Publishing , |c 2006 | ||
| 600 | 0 | |a Dunn, Jancee | |
| 650 | 0 | |a Celebrities |x anecdotes | |
| 650 | 0 | |a Journalists |z United States |x anecdotes | |
| 999 | |a 0001040895 |b Book |c Adult Collection |e Perbadanan Perpustakaan Awam Johor | ||